000 00653nam a2200145Ia 4500
008 090124s9999 xx 000 0 und d
082 _b26090
245 _a श्री समर्थ सांप्रदायिक दैनंदिन उपासना
250 _a6
260 _b"श्री समर्थ सेवा मंडऴ, सज्जनगड"
_c1974
300 _a84
630 _a श्री समर्थ सांप्रदायिक दैनंदिन उपासना
730 _a श्री समर्थ सांप्रदायिक दैनंदिन उपासना
942 _cBOOK
999 _c93695
_d93695